00402nam a2200157Ia 4500001000500000005001700005008004100022041000800063082001700071100003300088245007000121260000900191300002800200650000800228654000800236155920260306143737.0260306t2006||||xx |||||||||||||| ||spa|| aESP a150.92bV935 aVelarde Consoli, EsthereAUT 0aEl valor de la palabra:bvida y obra de Raúl González Moreyra c2006 a271 páginas :c24 cm. aGEN aCPS